V Kasárňach vystavujú desiatky umelcov

Bibliographic Details
Format: Article
Language:Slovak
PhysicalDescription:Fotogr.
ISSN:1335-4566
Subjects:

MARC

LEADER 00000nab a2200000 a 4500
001 vtls010025335
003 SK-MaSNL
005 20260411035626.0
008 091126c20091114xo drz 0 0slo
038 |a KEVKJB 
040 |a KEVKJB  |b slo  |c KEVKJB  |e AACR2 
041 0 |a slo 
044 |a xo  |c SK 
080 |a 379.822  |2 2001 
080 |a 72/76:061.4  |2 2001 
245 1 0 |a V Kasárňach vystavujú desiatky umelcov  |c Andrea Nitkulincová 
300 |b Fotogr. 
610 2 7 |a Kasárne Kulturpark (Košice, Slovensko)  |x výstavy  |2 kevkjb  |9 1035677 
611 2 7 |a Súčasná kresba Košice-Praha-Budapešť  |g výstava  |d (2009 :  |c Košice, Slovensko)  |2 kevkjb  |9 1035806 
651 7 |a Košice (Slovensko)  |2 kevkjb  |9 18694 
773 0 |t Košický Korzár  |g Roč. XII, č. 264 (14.11.2009), s. 4  |x 1335-4566 
852 |a KEVKJB  |b KIS3GCP 
999 |c 1703417  |d 1705347